000 00974nas a22002417a 4500
999 _c40801
_d40801
005 20200515135804.0
007 cz aa aaaaa
008 200428c m||poo|||| 00| 0 eng d
022 _a1367-2630
040 _coclc
082 _a530
_bJOU/P
210 _aNJP
245 _aNew Journal of Physics
_he-Journal (Open Access)
260 _bIOP Publishing,
300 _aPDF(online)
310 _aMonthly
365 _eOpen Access
500 _aNew Journal of Physics (NJP) publishes important new research of the highest scientific quality with significance across a broad readership. The journal is owned and run by scientific societies, with the selection of content and the peer review managed by a prestigious international board of scientists.
650 0 _92317
_aNatural sciences & mathematics
_vPhysics
655 0 _92257
_ae-Journal
856 _uhttps://iopscience.iop.org/journal/1367-2630
942 _2ddc
_cEJ
_h530
_k530
_mJOU/P